|
|
|
|
| LEADER |
00000cam a2200000 a 4500 |
| 001 |
vtls011857933 |
| 003 |
SK-MaSNL |
| 005 |
20260426010331.0 |
| 008 |
251001s1920 xo gr 000|0 slo |
| 035 |
|
|
|a BU3873000000105066
|
| 035 |
|
|
|a urn:nbn:sk:snk-am3he6l
|
| 035 |
|
|
|a BB3AADC7-1A65-4945-BE8F-073E3F152CDD
|
| 035 |
|
|
|a urn:nbn:sk:snk-am00crqy
|
| 040 |
|
|
|a SNK
|b slo
|c SNK
|e AACR2
|
| 041 |
0 |
|
|a slo
|
| 044 |
|
|
|a xo
|c SK
|
| 072 |
|
7 |
|a 792
|x Divadlo. Divadelné predstavenia
|2 konspekt
|
| 080 |
|
|
|a (083.97)
|2 2011
|
| 080 |
|
|
|a 792.2
|2 2011
|
| 110 |
2 |
|
|a Slovenské národné divadlo.
|b Činohra
|4 aut
|9 32459
|
| 245 |
1 |
0 |
|a Hriech - V službe
|b napísal Jozef Gregor-Tajovský : [premiéra] v piatok, dňa 21. mája 1920 : Slovenské národné divadlo v Bratislave : pohostinské hry východočeského divadla
|
| 246 |
3 |
0 |
|a V službe
|
| 260 |
|
|
|a Bratislava
|b Slovenské národné divadlo
|c 1920
|
| 300 |
|
|
|a 1 list (1 strana)
|c 24 cm
|
| 600 |
1 |
7 |
|a Tajovský, Jozef Gregor,
|d 1874-1940
|t Hriech
|2 SNK
|9 667381
|
| 600 |
1 |
7 |
|a Tajovský, Jozef Gregor,
|d 1874-1940
|t V službe
|2 SNK
|9 667382
|
| 610 |
2 |
7 |
|a Slovenské národné divadlo.
|b Činohra
|2 SNKKA
|9 32459
|
| 648 |
|
7 |
|a 21.5.1920
|2 SNKPH
|9 667383
|
| 648 |
|
7 |
|a 1919-1920
|2 SNKPH
|9 357356
|
| 650 |
0 |
7 |
|a jednoaktovky
|2 SNKPH
|9 59147
|
| 650 |
0 |
7 |
|a činohry
|2 SNKPH
|9 3325
|
| 650 |
0 |
7 |
|a divadelné premiéry
|2 SNKPH
|9 29572
|
| 651 |
|
7 |
|a Bratislava (Slovensko)
|2 SNKPHgeo
|9 14568
|
| 655 |
|
7 |
|a bulletiny
|2 SNKPH
|9 70453
|
| 655 |
|
7 |
|a divadelné programy
|2 SNKPH
|9 70302
|
| 852 |
|
|
|a Slovenská národná knižnica
|
| 958 |
|
|
|a EUIPO
|
| 958 |
|
|
|a OND
|
| 999 |
|
|
|c 1031744
|d 1033674
|
| 952 |
|
|
|a SNK
|b SNK
|y NEVYP
|7 0
|p 3873B0000061
|o BU 9716 PP
|0 0
|1 0
|4 0
|d 2019-03-26
|f 1
|l 0
|r 2019-03-26 00:00:00
|w 2026-02-24
|